MARC

LEADER 00000ngm^a2200000^a^4500
001 000323602
005 20250521000000.0
009 20260310113643.981
037 |a Acervo ITESO - Biblioteca 
041 |a ESP 
082 |a 305. 230972532  |b ISO 
100 |a Isordia Llamazares, Antonino  |e (realización) 
245 1 0 |a 1973 [i.e. Mil novecientos setenta y tres] /  |c Realización de A. Isordia Llamazares. 
264 4 |a México :  |b Centro de Capacitación Cinematográfica :  |b Estudios Churubusco Azteca,  |c 2007, c2007 
264 2 |a México :  |b Videomax [distribución],  |c 2007, c2007 
300 |a 1 DVD regiones 1 y 4  |c (103 min.) 
336 |a imagen móvil bidimensional  |b tdi  |2 rdacontenido 
337 |a video  |b v  |2 rdamedio 
338 |a videodisco  |b vd  |2 rdasoporte 
546 |a En español, con subtítulos opcionales: inglés 
586 |a Premio Ariel, de la Academia Mexicana de Cine (48°: 2006): Mejor Largometraje Documental (finalista) 
649 |a XX 
650 |a Jóvenes -  |z México (Ciudad) -  |x Condiciones Sociales y Culturales -  |x Tema Principal 
650 |a Sociedades Estudiantiles -  |z México 
650 |a Documentales 
650 |a Opera Prima 
650 |a Cine en Blanco y Negro -  |z México 
650 |a Cine Mexicano -  |y 2000-2009 
650 |a Cine Mexicano -  |y Siglo XXI 
650 |a Generación (Ciencias Sociales) -  |z México 
650 |a Historias de Vida -  |z México -  |x Tema Principal 
650 |a Suicidio -  |z México 
650 |a Fratricidio -  |z México 
650 |a Parricidio -  |z México 
650 |a Asesinato -  |z México 
650 |a Violencia Doméstica -  |z México 
650 |a Corrupción -  |z México 
650 |a Problemas Sociales -  |z México 
650 |a Psicopatología y Delito 
650 |a Criminología 
650 |a Psicología Criminal 
650 |a México (Ciudad) en el Cine 
650 |a Cota Quiroz, Alejandro -  |x Tema Principal 
650 |a Escogido Rodríguez, Rodolfo -  |x Tema Principal 
650 |a Ramos Macín, María Fernanda -  |x Tema Principal 
700 |a Acuña, Fernando  |e (fotógrafo) 
700 |a Huezo, Tatiana  |e (montaje) 
700 |a García Quiroz, Ana Alicia  |e (montaje) 
700 |a B4 (Grupo Musical)  |e (música) 
910 |a Fondo General 
920 |a Audiovisuales - DVDs 
940 |a Películas 
905 |a 302 
901 |a 0500204466  |b IT2  |c DVS  |i C115993  |u 20250521 
901 |a 0500299053  |b IT2  |c DVS  |i D101235  |u 20250521 
902 |a https://opac.biblio.iteso.mx/vufind/Record/000323602